000 00784nam a2200277Ia 4500
005 20260324121023.0
008 008 260324s9999 xx 000 0 eng d
020 _a9780429226861
037 _aEBOOK
040 _aCRL
040 _beng
040 _cCRL
041 _2eng
041 _aeng
084 _qCRL
100 _aMohd Salehuddin Mohd Zahari; Salleh Mohd Radzi; Zurinawati Mohi; Mohd Faeez Saiful Bakhtiar; Norzuwana Sumarjan; C.T. Chik; Faiz Izwan Anuar
_91160880
245 0 _aTheory and Practice in Hospitality and Tourism Research
260 _bTaylor and Francis
260 _c2014
365 _a
365 _b140
856 _uhttp://www.taylorfrancis.com/books/9780429226861
942 _cEBOOK
999 _c1752723
_d1752723